000 00431nmm a2200157Ia 4500
008 251105s9999||||xx |||||||||||||||||und||
020 _a9788496601291
041 _aspa
100 _aJames, Henry
245 0 _aCuatro encuentros
264 _a[Madrid, España] :
_bFunambulista,
_c2007
300 _a112 páginas
650 _aNorth American narrative
856 _uhttps://public.digitaliapublishing.com/a/20843
942 _cCF
999 _c90023
_d90023